000 00388 a2200169 4500
001 192176
020 _a978-85-356-4109-7
040 _cMagnum
100 _aSiqueira, Antonio Juraci
240 1 0 _aAumentei, mas não menti
_lpor
245 1 0 _aAumentei, mas não menti
300 _a37
362 0 _a2016
440 1 _aPaulinas
697 _aLITERATURA INFANTO-JUVENIL
942 _cBK
999 _c192176
_d192176